Royal Canadian Air Force Bases - Statistics

General Stats
  • This quiz has been taken 26 times
  • The average score is 5 of 12
Answer Stats
Province Answer % Correct
Alberta CFB Cold Lake
70%
Ontario CFB Trenton
65%
Manitoba CFB Winnipeg
65%
Newfoundland & Labrador CFB Goose Bay
52%
British Columbia CFB Comox
48%
Saskatchewan CFB Moose Jaw
48%
Newfoundland & Labrador CFB Gander
43%
Quebec CFB Bagotville
39%
Nova Scotia CFB Greenwood
35%
Ontario CFB Kingston
30%
Ontario CFB Borden
26%
Ontario CFB North Bay
26%
No matching quizzes found
Score Distribution
Percent of People with Each Score
Percentile by Number Answered
Your Score History
You have not taken this quiz